| 000 -CABECERA |
| fixed length control field |
01756nam a22002657a 4500 |
| 003 - IDENTIFICADOR DEL NÚMERO DE CONTROL |
| control field |
AR-CdUCM |
| 008 - DATOS DE LONGITUD FIJA--INFORMACIÓN GENERAL |
| fixed length control field |
190425b ||||| |||| 00| 0 spa d |
| 040 ## - FUENTE DE LA CATALOGACIÓN |
| Agencia/entidad que catalogó originalmente la obra |
MUNICIPALIDAD PROVINCIAL DEL CUSCO |
| Entidad que transcribió la catalogación |
BIBLIOTECA MUNICIPAL DEL CUSCO |
| 082 ## - NÚMERO DE LA CLASIFICACIÓN DECIMAL DEWEY |
| No. de Clasificación |
Qollana/N°5/1997 |
| 245 ## - MENCIÓN DE TÍTULO |
| Título |
Qollana : |
| Resto del título |
revista de Antropología / |
| Mención de responsabilidad |
Julio Edmundo Olivera L, Director |
| 260 ## - PUBLICACIÓN, DISTRIBUCIÓN, ETC. |
| Lugar de publicación, distribución, etc. |
Cusco. |
| Nombre de la editorial, distribuidor, etc. |
Qollana, |
| Fecha de publicación, distribución, etc. |
1997. |
| 300 ## - DESCRIPCIÓN FÍSICA |
| Nº de Páginas Extensión |
60 páginas. : |
| Otros detalles físicos |
ilustraciones ; |
| Dimensiones |
30 cm. |
| 440 ## - MENCIÓN DE SERIE/PUNTO DE ACCESO ADICIONAL--TÍTULO |
| Título |
Qollana. |
| Número de la parte/sección de una obra |
Año5,N°5, octubre, noviembre 1997. |
| 9 (RLIN) |
47664 |
| 505 ## - NOTA DE CONTENIDO CON FORMATO |
| Nota de contenido formateada |
Contenido: Qosqo testimonio de la Historia. -- Historia de las artes cusqueñas. -- Arte popular cusqueño. -- La identidad como construcción. -- Cusco y la poesía. -- Origen o procedencia y actual existencia de los gobernantes cusqueños. -- Don Faustino Espinoza N. -- Museo Inka del Cusco. -- La chicha en el Inti Raymi. -- A propósito del Escudo del Cusco. -- Cielo Serrano. -- Museo Inka. -- La vivienda en la tecnología Machiguenga. -- Hablando de endoculturación. -- Reflexiones del trabajo con mujeres campesinas y el programa de crédito. -- A quien beneficia el Ecodesarrollo. -- Desarrollo y Post Guerra. -- Relaciones socio económicas de la calle Marques del Cusco. -- Patrón Santiago antiguo Dios de los Incas. -- Disco Echenique o Escudo del Cusco. -- No es Inka no es sol...tampoco es del Cuzco. -- A propósito del Escudo del Cusco. |
| 650 ## - PUNTO DE ACCESO ADICIONAL DE MATERIA--TÉRMINO DE MATERIA |
| Descriptor |
Cultura andina |
| 9 (RLIN) |
47570 |
| 650 ## - PUNTO DE ACCESO ADICIONAL DE MATERIA--TÉRMINO DE MATERIA |
| Descriptor |
Arquitectura Inka |
| 9 (RLIN) |
45226 |
| 650 ## - PUNTO DE ACCESO ADICIONAL DE MATERIA--TÉRMINO DE MATERIA |
| Descriptor |
Arqueología cusqueña |
| 9 (RLIN) |
9322 |
| 650 ## - PUNTO DE ACCESO ADICIONAL DE MATERIA--TÉRMINO DE MATERIA |
| Descriptor |
Siglo XX |
| 9 (RLIN) |
47561 |
| 700 ## - PUNTO DE ACCESO ADICIONAL--NOMBRE DE PERSONA |
| Nombre Personal |
Flores Ochoa, Jorge |
| 9 (RLIN) |
2915 |
| 700 ## - PUNTO DE ACCESO ADICIONAL--NOMBRE DE PERSONA |
| Nombre Personal |
Roca Wallparimachi, Demetrio |
| 9 (RLIN) |
6182 |
| 700 ## - PUNTO DE ACCESO ADICIONAL--NOMBRE DE PERSONA |
| Nombre Personal |
Calvo Calvo, Rossano |
| 9 (RLIN) |
44156 |
| 700 ## - PUNTO DE ACCESO ADICIONAL--NOMBRE DE PERSONA |
| Nombre Personal |
Barreda Murillo, Luis |
| 9 (RLIN) |
31369 |
| 942 ## - ELEMENTOS DE PUNTO DE ACCESO ADICIONAL (KOHA) |
| Fuente de clasificación |
|
| Tipo de item |
Revistas cusqueñas |
| 945 ## - PROCESAMIENTO DE INFORMACIÓN LOCAL (OCLC) |
| Catalogador |
rac |